Las bombas de la planta de agua /
Guardado en:
| Autor Corporativo: | |
|---|---|
| Formato: | Libro |
| Idioma: | Spanish |
| Publicado: |
La Plata :
Dirección de la energía de la provincia de Buenos Aires,
19??.
|
| Series: | Informe técnico sobre centrales térmicas, fascículo 17
|
| Materias: | |
| Etiquetas: |
Agregar Etiqueta
Sin Etiquetas, Sea el primero en etiquetar este registro!
|
| LEADER | 01333nam a22002775a 4500 | ||
|---|---|---|---|
| 001 | EUN.um068413 | ||
| 003 | AR-BaUNS | ||
| 005 | 20050623122932.0 | ||
| 008 | 041125s19??####ag#a##########000#0#spa#d | ||
| 245 | 1 | 4 | |a Las bombas de la planta de agua / |c Dirección de la energía. |
| 260 | |a La Plata : |b Dirección de la energía de la provincia de Buenos Aires, |c 19??. | ||
| 300 | |a 37 p. : |b il. ; |c 29 cm. . | ||
| 490 | 0 | |a Informe técnico sobre centrales térmicas, fascículo 17 | |
| 082 | 0 | 4 | |a 621.19 |
| 653 | |a Centrales de energia termica | ||
| 653 | |a Bombas | ||
| 110 | 2 | |a Dirección de la energía |c Buenos Aires. Provincia. | |
| 859 | |a Ar-BaUNS |b BIB. CENTRAL - Sector A |h 621.19 |i B862 |p 111843/001 | ||
| 859 | |a Ar-BaUNS |b BIB. CENTRAL - Sector A |h 621.19 |i B862 |p 111844/001 |t Ej.2 | ||
| 859 | |a Ar-BaUNS |b BIB. CENTRAL - Sector A |h 621.19 |i B862 |p 111891/001 |t Ej.3 | ||
| 859 | |a Ar-BaUNS |b BIB. CENTRAL - Sector A |h 621.19 |i B862 |p 111938/001 |t Ej.4 | ||
| 859 | |a Ar-BaUNS |b BIB. CENTRAL - Sector A |h 621.19 |i B862 |p 111939/001 |t Ej.5 | ||
| 859 | |a Ar-BaUNS |b BIB. CENTRAL - Sector A |h 621.19 |i B862 |p 111940/001 |t Ej.6 | ||
| 859 | |a Ar-BaUNS |b BIB. CENTRAL - Sector A |h 621.19 |i B862 |p 111942/001 |t Ej.8 | ||
| 859 | |a Ar-BaUNS |b BIB. CENTRAL - Sector A |h 621.19 |i B862 |p 111943/001 |t Ej.9 | ||
| 859 | |a Ar-BaUNS |b BIB. CENTRAL - Sector A |h 621.19 |i B862 |p 111944/001 |t Ej.10 | ||
